000 00544nam a2200181Ia 4500
005 20250508162659.0
008 008 250505s9999 xx 000 0 eng d
037 _aReference
040 _aFEDL
_beng
_cFEDL
041 _aeng
_2eng
084 _a011.4, KEV
_qFEDL
100 _aKeeves John P Ed.
_9437334
245 0 _aEducational research, methodology and measurement: An international handbook
260 _aOxford, UK
_bPergamon Press
_c1988
300 _axxi,832p
942 _cREF
_h011.4, KEV
999 _c1378025
_d1378025